000 00380nam a2200133Ia 4500
008 220217s9999||||xx |||||||||||||| ||und||
020 _a981-4057-59-2
082 _a005.71 SCH
100 _aSchineider, Gary, P Perry, James, T
_92856
245 0 _aElectronic commerce
260 _aCourse technology
_bAustralia
_c2001
300 _b255
650 _aDATA COMMUNICATION
_91124
999 _c170133
_d170133